Islamic financial markets and institutions / (Record no. 30690)

MARC details
000 -LEADER
fixed length control field 03467cam a22004098i 4500
001 - CONTROL NUMBER
control field 22445250
003 - CONTROL NUMBER IDENTIFIER
control field EG-ScBUE
005 - DATE AND TIME OF LATEST TRANSACTION
control field 20240305122831.0
008 - FIXED-LENGTH DATA ELEMENTS--GENERAL INFORMATION
fixed length control field 220225s2023 enk f b 001 0 eng d
020 ## - INTERNATIONAL STANDARD BOOK NUMBER
International Standard Book Number 9780367336721
040 ## - CATALOGING SOURCE
Original cataloging agency DLC
Language of cataloging eng
Description conventions rda
Transcribing agency DLC
Modifying agency DLC
-- EG-ScBUE
043 ## - GEOGRAPHIC AREA CODE
Geographic area code f------
-- a------
082 04 - DEWEY DECIMAL CLASSIFICATION NUMBER
Classification number 332.1091767
Edition number 22
Item number HAS
100 1# - MAIN ENTRY--PERSONAL NAME
Personal name Hassan, Abul,
Dates associated with a name 1973-
Relator term author.
245 10 - TITLE STATEMENT
Title Islamic financial markets and institutions /
Statement of responsibility, etc Abul Hassan, Aktham Issa Almaghaireh and Muhammad Shahidul Islam.
250 ## - EDITION STATEMENT
Edition statement First Edition.
264 #1 - PUBLICATION, DISTRIBUTION, ETC. (IMPRINT)
Place of publication, distribution, etc London ;
-- New York, NY :
Name of publisher, distributor, etc Routledge, Taylor & Francis Group,
Date of publication, distribution, etc 2023.
300 ## - PHYSICAL DESCRIPTION
Extent xxxvi, 335 pages ;
Dimensions 24 cm
336 ## - CONTENT TYPE
Content type term text
Content type code txt
Source rdacontent
337 ## - MEDIA TYPE
Media type term unmediated
Media type code n
Source rdamedia
338 ## - CARRIER TYPE
Carrier type term volume
Carrier type code nc
Source rdacarrier
504 ## - BIBLIOGRAPHY, ETC. NOTE
Bibliography, etc Includes bibliographical references and index.
520 ## - SUMMARY, ETC.
Summary, etc "The rapid pace of progress in the Islamic financial market and investment space, coupled with the COVID-19 pandemic and its aftermath and recovery, has provided the necessary challenges to build a strong case for Islamic investment. This timely and unique book focuses on the foundations of Islamic financial markets and institutions, in the context of various products, their market application, Islamic asset management and regulation. The authors provide a thorough overview of Islamic financing instruments and markets, such as Islamic debt and equity markets, through shares and the stock market, mutual funds, private equity, lease financing, sukuk, green sukuk, money market instruments, exchange traded funds, cryptocurrencies and derivatives etc., which have emerged as alternative sources of financing. They offer insight into the numerous infrastructure institutions which have sprung up since the first decade of the new century, such as The Accounting and Auditing Organizations for Islamic Financial Institutions, Islamic Financial Services Board, Islamic International Rating Agency and International Islamic Liquidity Management Corporation as well as those being established, to satisfy different industry needs. With its uniquely competitive approach to the mainstream financial market, this book facilities a greater understanding of the concept of Islamic investment. Through a discussion of the current state and future prospects of Islamic financial markets, the book's theoretical and practical approach offers academic, practitioners, researchers, students and general readers a well-balanced overview of Islamic financial markets, its ethics, Shari'ah foundation, the instruments and operational mechanism used by Islamic capital, money and debt markets"--
Assigning source Provided by publisher.
650 #7 - SUBJECT ADDED ENTRY--TOPICAL TERM
Topical term or geographic name as entry element Banks and banking
Geographic subdivision Islamic countries.
Source of heading or term BUEsh
650 #7 - SUBJECT ADDED ENTRY--TOPICAL TERM
Topical term or geographic name as entry element Banks and banking
General subdivision Religious aspects
-- Islam.
Source of heading or term BUEsh
650 #7 - SUBJECT ADDED ENTRY--TOPICAL TERM
Topical term or geographic name as entry element Finance
Geographic subdivision Islamic countries.
Source of heading or term BUEsh
650 #7 - SUBJECT ADDED ENTRY--TOPICAL TERM
Topical term or geographic name as entry element Financial services industry
Geographic subdivision Islamic countries.
Source of heading or term BUEsh
653 ## - INDEX TERM--UNCONTROLLED
Arrived date list March2024
Resource For college BAEPS, Economics
655 ## - INDEX TERM--GENRE/FORM
Form subdivision Reading book
700 1# - ADDED ENTRY--PERSONAL NAME
Personal name Almaghaireh, Aktham Issa,
Relator term author.
700 1# - ADDED ENTRY--PERSONAL NAME
Personal name Islam, Muhammad Shahidul,
Relator term author.
776 08 - ADDITIONAL PHYSICAL FORM ENTRY
Display text Online version:
Main entry heading Hassan, Abul.
Title Islamic financial markets and institutions
Place, publisher, and date of publication London ; New York, NY : Routledge, Taylor & Francis Group, 2023
International Standard Book Number 9780429321207
Record control number (DLC) 2022008431
906 ## - LOCAL DATA ELEMENT F, LDF (RLIN)
a 7
b cbc
c orignew
d 1
e ecip
f 20
g y-gencatlg
942 ## - ADDED ENTRY ELEMENTS (KOHA)
Source of classification or shelving scheme Dewey Decimal Classification
Koha item type Book - Borrowing
Holdings
Withdrawn status Lost status Source of classification or shelving scheme Damaged status Not for loan Collection code Home library Current library Shelving location Date acquired Source of acquisition Cost, normal purchase price Serial Enumeration / chronology Total Checkouts Full call number Barcode Date last seen Cost, replacement price Price effective from Koha item type
    Dewey Decimal Classification     Alahram Central Library Central Library First floor 05/03/2024 Purchase 2999.00 181   332.1091767 HAS 000057037 15/07/2025 3749.00 05/03/2024 Book - Borrowing